[Event "Challenge"]
[Site "http://www.queenalice.com/game.php?id=1243513"]
[Date "2013.12.28"]
[Round "-"]
[White "Antero"]
[Black "pedrogarciass"]
[Result "0-1"]
[WhiteElo "1641"]
[BlackElo "1891"]

1. c4 e5 2. Nc3 Bc5 3. e3 Nf6 4. d4 exd4 5. exd4 Bb4 6. Bd2 c6 7. a3 Bxc3 8.
Bxc3 O-O 9. Be2 Ne4 10. Nf3 Nxc3 11. bxc3 Qa5 12. Qb3 d6 13. O-O Nd7 14. Qc2 Nf6
15. Rfe1 h6 16. Bd3 Be6 17. a4 Bg4 18. Nd2 Qg5 19. Kh1 d5 20. cxd5 cxd5 21. c4
Be6 22. Re5 Qh4 23. Rf1 Qxd4 24. Re3 Rac8 25. Nf3 Qc5 26. Re5 g6 27. Qc1 Kg7 28.
Qb2 Qa5 29. Qxb7 Qxa4 30. Rxe6 Rb8 31. Qa6 Qxa6 32. Rxa6 Rb3 33. Rd1 dxc4 34.
Bxc4 Rb7 35. Rda1 Rc8 36. Bf1 Ng4 37. Kg1 Rc2 38. Rxa7 Rxa7 39. Rxa7 Rc5 40. h3
Nf6 41. Nd4 Re5 42. Bc4 Nd5 43. Ra5 Re1+ 44. Kh2 Nb6 45. Bb3 Nd7 46. Nf3 Re2 47.
Ra2 Re4 48. Ng1 Rf4 49. g3 Rb4 0-1

[Event "Challenge"]
[Site "http://www.queenalice.com/game.php?id=1243676"]
[Date "2013.12.29"]
[Round "-"]
[White "pedrogarciass"]
[Black "Antero"]
[Result "1-0"]
[WhiteElo "1977"]
[BlackElo "1822"]

1. e4 e5 2. Nf3 Nc6 3. Bc4 Be7 4. d3 Nf6 5. O-O d6 6. Nc3 Bg4 7. Nd5 Nxd5 8.
Bxd5 Qd7 9. c3 O-O 10. Be3 a6 11. Qd2 Bxf3 12. gxf3 Kh8 13. Kh1 f5 14. exf5 Rxf5
15. Rg1 Bf6 16. Rg3 Bh4 17. Rg4 Raf8 18. Rxh4 Qd8 19. Rh3 1-0

[Event "AUTO-MASTER-1946"]
[Site "http://www.queenalice.com/game.php?id=1248259"]
[Date "2014.1.15"]
[Round "2"]
[White "BEBADO"]
[Black "pedrogarciass"]
[Result "1-0"]
[WhiteElo "2263"]
[BlackElo "1904"]

1. e4 e5 2. Nf3 Nc6 3. d4 exd4 4. Nxd4 Nxd4 5. Qxd4 h6 6. Nc3 c6 7. Be3 Ne7 8.
O-O-O d6 9. Bf4 Be6 10. Bxd6 Qa5 11. Bc4 Qg5+ 12. f4 Qa5 13. Bxe6 1-0

[Event "AUTO-MASTER-1946"]
[Site "http://www.queenalice.com/game.php?id=1248260"]
[Date "2014.1.15"]
[Round "2"]
[White "pedrogarciass"]
[Black "BEBADO"]
[Result "0-1"]
[WhiteElo "1823"]
[BlackElo "2204"]

1. e4 c5 2. Bc4 Nc6 3. a3 e6 4. Nf3 Nf6 5. d3 d5 6. exd5 exd5 7. Bb5 Qa5+ 8. Nc3
d4 9. Bxc6+ bxc6 10. Bd2 dxc3 11. Bxc3 Qc7 12. Be5 Bd6 13. Bxf6 gxf6 14. O-O Be6
15. Re1 O-O 16. g3 Rab8 17. b3 Bg4 18. Re3 Rfe8 19. Re4 Rxe4 20. dxe4 Rd8 21.
Qe2 Be5 22. Rb1 Qa5 23. Kg2 Rd2 24. Qe1 Bxf3+ 25. Kxf3 Qc3+ 26. Kg2 Bd4 27. Kh3
Rxf2 28. Qxc3 Bxc3 29. Rd1 Rxc2 30. Rd7 Rb2 31. Rxa7 Rxb3 32. a4 Ra3 33. Rc7
Rxa4 34. Rxc6 Bd4 35. Rxf6 Bxf6 0-1

[Event "AUTO-MASTER-1946"]
[Site "http://www.queenalice.com/game.php?id=1248265"]
[Date "2014.1.15"]
[Round "2"]
[White "pedrogarciass"]
[Black "docb"]
[Result "0-1"]
[WhiteElo "1954"]
[BlackElo "2045"]

1. e4 Nc6 2. Nf3 d6 3. Bc4 Nf6 4. d3 Bg4 5. h3 Bh5 6. Bf4 a6 7. Nc3 Na5 8. O-O
Nxc4 9. dxc4 e5 10. Bg5 c6 11. a3 Be7 12. b4 h6 13. Bxf6 gxf6 0-1

[Event "AUTO-MASTER-1946"]
[Site "http://www.queenalice.com/game.php?id=1248266"]
[Date "2014.1.15"]
[Round "2"]
[White "docb"]
[Black "pedrogarciass"]
[Result "1-0"]
[WhiteElo "2057"]
[BlackElo "1942"]

1. e4 e5 2. Nf3 Nc6 3. Bc4 Nf6 4. d3 Bc5 5. O-O h6 6. a3 O-O 7. Nc3 d6 8. h3 Nd4
9. Nxd4 Bxd4 10. Bd2 c6 11. Rb1 a6 12. Ne2 c5 13. c3 1-0

[Event "AUTO-MASTER-2017"]
[Site "http://www.queenalice.com/game.php?id=1248375"]
[Date "2014.1.15"]
[Round "1"]
[White "jupar"]
[Black "pedrogarciass"]
[Result "1-0"]
[WhiteElo "2050"]
[BlackElo "1831"]

1. d4 Nf6 2. c4 d5 3. Nc3 dxc4 4. e4 e6 5. Bxc4 Bb4 6. Bg5 h6 7. Bxf6 Qxf6 8.
Nf3 O-O 9. O-O Nc6 10. a3 Bd6 11. e5 Bxe5 12. dxe5 Nxe5 13. Nxe5 Qxe5 14. Re1
Qc5 15. Ba2 a6 16. Qf3 Qb6 17. Na4 Qb5 18. Qf4 Bd7 19. b3 c6 20. Rad1 c5 21. Qd6
Bc6 22. Qxc5 Rfc8 23. Qxb5 Bxb5 24. Nb6 Bc6 25. Nxa8 Rxa8 26. a4 Bd5 27. Re3 b5
28. Red3 bxa4 29. Rxd5 exd5 30. bxa4 Rd8 31. Bxd5 Kf8 32. g4 g5 33. h3 a5 34.
Kf1 Kg7 35. f3 Kf6 36. Ke2 Re8+ 37. Kf2 Re7 38. Bc6 Rc7 39. Rd6+ Kg7 40. Kg3 Re7
41. Be4 Rc7 42. Ra6 Rc5 43. h4 Re5 44. hxg5 Rxg5 45. f4 Rc5 46. Bc6 Rc3+ 47. Kh4
Rc4 48. f5 Rc5 49. Bb5 Rc1 50. Rxa5 Kf6 51. Ra6+ Ke5 52. Rxh6 f6 53. Kg3 Rc3+
54. Kf2 Rc2+ 55. Ke3 Rc3+ 56. Kd2 Rg3 57. Be2 Ra3 58. Bb5 Rg3 59. Rg6 1-0

[Event "AUTO-MASTER-2017"]
[Site "http://www.queenalice.com/game.php?id=1248376"]
[Date "2014.1.15"]
[Round "1"]
[White "pedrogarciass"]
[Black "jupar"]
[Result "0-1"]
[WhiteElo "1835"]
[BlackElo "1946"]

1. e4 e5 2. Bc4 Nc6 3. d3 Nf6 4. Nf3 d6 5. h3 Be7 6. Nc3 O-O 7. Nd5 Na5 8. Nxf6+
Bxf6 9. Bd2 Nxc4 10. dxc4 a6 11. Be3 Be6 12. b3 g6 13. Qd2 Bg7 14. Bg5 f6 15.
Bh6 Qe7 16. O-O Rad8 17. Rad1 c6 18. Bxg7 Kxg7 19. Nh2 d5 20. exd5 cxd5 21. cxd5
Rxd5 22. Qe3 Rfd8 23. Rxd5 Rxd5 24. c4 Rd6 25. Rc1 Qd7 26. Qf3 h5 27. Nf1 b6 28.
Ne3 Rd2 29. a4 Rd3 30. c5 Qc7 31. b4 a5 32. Rd1 Rxd1+ 33. Qxd1 bxc5 34. bxa5
Qxa5 35. Kh2 c4 36. Qc2 c3 37. Nd1 Qb4 38. Nxc3 Bb3 39. Qb2 h4 40. Qa1 Qd4 41.
f3 Bxa4 0-1

[Event "AUTO-MASTER-2017"]
[Site "http://www.queenalice.com/game.php?id=1248391"]
[Date "2014.1.15"]
[Round "1"]
[White "ggg09"]
[Black "pedrogarciass"]
[Result "1-0"]
[WhiteElo "1945"]
[BlackElo "1851"]

1. e4 e5 2. Nf3 Nc6 3. Bc4 h6 4. d4 exd4 5. Nxd4 Ne5 6. Qh5 Nxc4 7. b3 Bc5 8.
Qxc5 Nb6 9. Nb5 d6 10. Qxc7 Qe7 11. Qxe7+ Nxe7 12. Nc7+ Kd7 13. Nxa8 Nxa8 14.
O-O b6 15. Bb2 f6 16. Nc3 a6 17. Nd5 Nxd5 18. exd5 Nc7 19. c4 a5 20. Rfe1 Na6
21. Re2 Nc7 22. Rae1 Kd8 23. Re7 Rg8 24. Rf7 Bd7 25. Ree7 Be8 26. Rxc7 Bxf7 27.
Rxf7 Kc8 28. Bd4 Re8 29. Kf1 g5 30. Bxb6 a4 31. Rxf6 h5 32. Rxd6 g4 33. Rh6 Kb7
34. c5 axb3 35. axb3 Re5 36. d6 Rd5 37. Rh7+ 1-0

[Event "AUTO-MASTER-2017"]
[Site "http://www.queenalice.com/game.php?id=1248392"]
[Date "2014.1.15"]
[Round "1"]
[White "pedrogarciass"]
[Black "ggg09"]
[Result "1-0"]
[WhiteElo "1856"]
[BlackElo "1901"]

1. e4 e6 2. d4 d5 3. e5 c5 4. Nf3 cxd4 5. Nxd4 Nc6 6. Nxc6 bxc6 7. Bf4 Bc5 8.
Bd3 Qb6 9. O-O Ba6 10. Bxa6 Qxa6 11. a3 Ne7 12. Nc3 Nf5 13. Ne2 O-O 14. b4 Bb6
15. c3 Qc4 16. h3 Nh4 17. Bg3 Nf5 18. Qc2 Nxg3 19. Nxg3 Qf4 20. Rae1 Bc7 21. Nh5
Qg5 22. Qe2 g6 23. Nf6+ Kg7 24. f4 Qh4 25. Rf3 g5 26. Ref1 gxf4 27. Rxf4 Qg5 28.
Rg4 Qxg4 29. Qxg4+ Kh8 30. Qh5 1-0

[Event "AUTO-MASTER-2017"]
[Site "http://www.queenalice.com/game.php?id=1248401"]
[Date "2014.1.15"]
[Round "1"]
[White "heidy"]
[Black "pedrogarciass"]
[Result "0-1"]
[WhiteElo "2072"]
[BlackElo "1867"]

1. Nf3 Nf6 2. Nc3 d5 3. e3 Bg4 4. Be2 Ne4 5. Nxe4 dxe4 6. Nd4 Bxe2 7. Qxe2 e5 8.
Qb5+ Nd7 9. Nb3 b6 10. Qd5 Bd6 11. Qxe4 Nf6 12. Qc6+ Nd7 13. O-O O-O 14. d4 Re8
15. a4 e4 16. a5 Re6 17. Qc3 Bxh2+ 18. Kxh2 Rh6+ 19. Kg1 Qh4 20. f3 Qg3 21. Qe1
Qh2+ 22. Kf2 exf3 23. Kxf3 Rf6+ 24. Ke2 Qxg2+ 25. Rf2 Qg4+ 26. Kd2 Rc6 27. Qe2
Qe4 28. Ke1 Nf6 29. c3 Qh4 0-1

[Event "AUTO-MASTER-2017"]
[Site "http://www.queenalice.com/game.php?id=1248402"]
[Date "2014.1.15"]
[Round "1"]
[White "pedrogarciass"]
[Black "heidy"]
[Result "0-1"]
[WhiteElo "1874"]
[BlackElo "2105"]

1. e4 Nf6 2. e5 Nd5 3. d4 d6 4. Bc4 Nb6 5. Bb3 Nc6 6. exd6 exd6 7. d5 Ne5 8. Nf3
Bg4 9. h3 Nxf3+ 10. gxf3 Bf5 11. Qe2+ Be7 12. Nc3 O-O 13. Ne4 Re8 14. Be3 Bf6
15. O-O-O Bxe4 16. fxe4 Rxe4 17. Rd3 Nd7 18. f4 Nc5 19. Rdd1 Qe7 20. Rde1 Re8
21. Kd2 Bd4 22. Qg4 Bxe3+ 23. Kc3 Qf6# 0-1

[Event "Challenge"]
[Site "http://www.queenalice.com/game.php?id=1273035"]
[Date "2014.4.14"]
[Round "-"]
[White "RAFAELI"]
[Black "pedrogarciass"]
[Result "0-1"]
[WhiteElo "1705"]
[BlackElo "1820"]

1. e4 e5 2. Qh5 d6 3. Bc4 g6 4. Qf3 Nf6 5. d3 Bg4 6. Qg3 Qd7 7. c3 Be6 8. Bxe6
Qxe6 9. Na3 a6 10. Bg5 Nbd7 11. Ne2 Nh5 12. Qe3 Be7 13. Bxe7 Qxe7 14. b4 b5 15.
g3 Ndf6 16. h3 O-O 17. g4 Nf4 18. Nxf4 exf4 19. Qxf4 Nd5 20. Qd2 Nb6 21. O-O-O
Na4 22. f4 c5 23. Kb1 cxb4 24. cxb4 Rfc8 25. Rc1 Qf6 26. d4 Nb6 27. f5 Nc4 28.
Nxc4 bxc4 29. fxg6 fxg6 30. Rhf1 Qe7 31. Qe3 Qb7 32. a3 a5 33. Qe1 axb4 34. Qxb4
Qxb4+ 35. axb4 Ra4 36. Kc2 Rxb4 37. Rf6 Rb6 38. e5 Rd8 39. e6 Rb7 40. Re1 d5 41.
g5 Ra8 42. Kd2 Ra2+ 43. Kc1 c3 44. e7 Ra1+ 45. Kc2 Rxe1 46. Rf8+ Kg7 47. e8=Q
Rxe8 48. Rxe8 Kf7 49. Re5 Rd7 50. Kxc3 Kg7 51. h4 h5 52. Kb4 Kf7 53. Kb5 Rd8 54.
Kc6 Kf8 55. Kc7 Re8 56. Rxd5 Re4 57. Rd6 Rxh4 58. Rxg6 Rxd4 59. Rh6 h4 60. g6
Kg7 0-1

[Event "AUTO-MASTER-2071"]
[Site "http://www.queenalice.com/game.php?id=1273761"]
[Date "2014.4.17"]
[Round "1"]
[White "toomchess"]
[Black "pedrogarciass"]
[Result "1-0"]
[WhiteElo "2090"]
[BlackElo "1887"]

1. d4 d5 2. c4 Be6 3. cxd5 Bxd5 4. f3 e6 5. e4 Bc6 6. Nc3 Bb4 7. Ne2 Bb5 8. a3
Bxc3+ 9. bxc3 h6 10. c4 Ba6 11. Nc3 Nf6 12. e5 Nfd7 13. Bd3 Qh4+ 14. Kf1 Qxd4
15. Bb2 Qxe5 16. Qd2 Qg5 17. f4 Qe7 18. Ne4 f6 19. Kf2 Nc5 20. Rhe1 Nbd7 21. Kf1
O-O-O 22. Rab1 Nxd3 23. Qxd3 Nc5 24. Qc2 Nxe4 25. Qxe4 Rd6 26. Kg1 Rhd8 27. Kh1
Rc6 28. Rec1 f5 29. Qe2 Qd7 30. Be5 Qe7 31. Rb4 b5 32. Rcb1 bxc4 33. Rb8+ Kd7
34. Rd1+ Rd6 35. Bxd6 cxd6 36. Rxd8+ Qxd8 37. Qe5 Qe7 38. Qa5 Bb7 39. Qxa7 Kc8
40. Qb6 d5 41. Re1 Qxa3 42. Qxe6+ Kb8 43. Qe5+ Kc8 44. Qxf5+ Kc7 45. Qe5+ Kc6
46. Qd4 c3 47. Rb1 Qa5 48. Rc1 Kd6 49. Qe5+ Kd7 50. Qxg7+ Kc6 51. Rxc3+ Kd6 52.
Qxh6+ Kd7 53. Qg7+ Kd6 54. Qe5+ Kd7 55. Re3 Qd2 56. Qe7+ Kc8 57. Qc5+ Kb8 58.
Re8+ 1-0

[Event "AUTO-MASTER-2071"]
[Site "http://www.queenalice.com/game.php?id=1273762"]
[Date "2014.4.17"]
[Round "1"]
[White "pedrogarciass"]
[Black "toomchess"]
[Result "0-1"]
[WhiteElo "1839"]
[BlackElo "2128"]

1. e4 e6 2. Bc4 d5 3. exd5 exd5 4. Bb3 Bc5 5. d4 Bd6 6. Bxd5 Bb4+ 7. Bd2 Bxd2+
8. Nxd2 Qxd5 9. Ngf3 Nf6 10. O-O O-O 11. c4 Qh5 12. Re1 Nbd7 13. Re7 Re8 14. Qe1
Kf8 15. Rxe8+ Nxe8 16. Ne4 Ndf6 17. Ng3 Qg6 18. Qb4+ Kg8 19. Qe7 Qg4 20. Re1 Bd7
21. Ne5 Qe6 22. Qb4 Qb6 23. Qd2 Rd8 24. c5 Qe6 25. a3 Qd5 26. Qe3 Be6 27. Rd1
Ng4 28. Nxg4 Bxg4 29. Re1 g6 30. h3 Be6 31. Ne4 Qxd4 32. Qxd4 Rxd4 33. Kh2 Kg7
34. Re3 Nf6 35. Ng5 Bc4 36. Re7 Rd7 37. Rxd7 Nxd7 38. b4 Bd5 39. h4 h6 40. Nh3
a5 41. Nf4 Be6 42. Kg3 Kf6 43. Kf3 Ne5+ 44. Ke4 Nc4 45. Nd5+ Bxd5+ 46. Kxd5 Nxa3
47. bxa5 Ke7 48. c6 b6 49. a6 Nb5 50. f4 h5 51. Ke5 Na7 52. Kd5 f6 53. g3 f5 54.
Ke5 Nxc6+ 55. Kd5 Nb4+ 56. Kc4 Nxa6 57. Kb5 c5 58. Kxa6 c4 59. Kb5 c3 0-1

[Event "AUTO-MASTER-2071"]
[Site "http://www.queenalice.com/game.php?id=1273777"]
[Date "2014.4.17"]
[Round "1"]
[White "pedrogarciass"]
[Black "artegasparphb"]
[Result "0-1"]
[WhiteElo "1855"]
[BlackElo "2202"]

1. e4 Nc6 2. Nf3 e5 3. Nc3 Nf6 4. a3 Bc5 5. Bc4 O-O 6. d3 d6 7. O-O Bg4 8. Ne2
a6 9. Ng3 Nd4 10. b4 Ba7 11. Be3 c5 12. Bxd4 cxd4 13. h3 Bd7 14. Nh4 Rc8 15. Qf3
Be6 16. Ngf5 Bxc4 17. dxc4 Rxc4 18. Qg3 g6 19. Nh6+ Kh8 20. Rfe1 Rxc2 21. Qd3
Rc3 22. Qd2 Nh5 23. g3 Nxg3 24. Ng2 Nh5 25. Kh2 Qc8 26. Rec1 Qxh3+ 27. Kg1 Kg7
28. Rxc3 Qxc3 29. Nf5+ gxf5 30. Qg5+ Kh8 31. Re1 Qxe1+ 32. Nxe1 Rg8 33. Qxg8+
Kxg8 34. exf5 Nf4 35. Kf1 d3 36. Nf3 e4 37. Nd2 d5 38. a4 Kg7 0-1

[Event "AUTO-MASTER-2071"]
[Site "http://www.queenalice.com/game.php?id=1273778"]
[Date "2014.4.17"]
[Round "1"]
[White "artegasparphb"]
[Black "pedrogarciass"]
[Result "1-0"]
[WhiteElo "2204"]
[BlackElo "1853"]

1. e4 e5 2. Nf3 d6 3. Nc3 Be7 4. Be2 Nf6 5. O-O Be6 6. d3 Nbd7 7. b3 h6 8. Bb2
a6 9. Re1 Ng4 10. d4 c6 11. d5 cxd5 12. exd5 Bf5 13. Nd2 Ndf6 14. h3 Nxf2 15.
Kxf2 Qb6+ 16. Kf1 Qe3 17. Bb5+ axb5 18. Rxe3 Bd7 19. Nce4 Nxd5 20. Rg3 Bh4 21.
Rxg7 Ne3+ 22. Ke2 Nxd1 23. Kxd1 Be7 24. Ke2 Bf5 25. Rf1 Bg6 26. Nf6+ Bxf6 27.
Rxf6 Rxa2 28. Bc3 Rxc2 29. Bb4 d5 30. Rb6 d4 31. Rxb7 Rc8 32. Rxb5 e4 33. Nxe4
Bxe4 34. Re5+ 1-0

[Event "AUTO-MASTER-2071"]
[Site "http://www.queenalice.com/game.php?id=1273779"]
[Date "2014.4.17"]
[Round "1"]
[White "pedrogarciass"]
[Black "MarceloPadre"]
[Result "0-1"]
[WhiteElo "1821"]
[BlackElo "2059"]

1. e4 e5 2. Nf3 Qe7 3. Bc4 g6 4. d3 Bg7 5. Ng5 Nh6 6. Nc3 c6 7. a3 O-O 8. Be3
Kh8 9. b4 f6 10. Nf3 Nf7 11. Qd2 d6 12. h3 Be6 13. Bxe6 Qxe6 14. Ke2 d5 15. exd5
cxd5 16. d4 Nc6 17. Nb5 f5 18. Nc7 Qd7 19. Nxa8 Rxa8 20. b5 Ncd8 21. c3 e4 22.
Ng5 Nd6 23. h4 h6 24. Nh3 Kh7 25. a4 Ne6 26. g3 Rf8 27. f4 Bf6 28. Qa2 Nc4 29.
Bc1 Rg8 30. Nf2 Rc8 31. h5 g5 32. fxg5 hxg5 33. g4 f4 34. Rh3 Nc7 35. Kf1 e3 36.
Nd3 Qxg4 37. Rh2 Ne6 38. Qc2 Kh8 39. Ne1 f3 40. Nd3 Bxd4 41. Qa2 e2+ 0-1

[Event "AUTO-MASTER-2071"]
[Site "http://www.queenalice.com/game.php?id=1273780"]
[Date "2014.4.17"]
[Round "1"]
[White "MarceloPadre"]
[Black "pedrogarciass"]
[Result "1-0"]
[WhiteElo "2051"]
[BlackElo "1897"]

1. f4 d5 2. e3 Nf6 3. Nf3 Bg4 4. d4 e6 5. Bd3 Ne4 6. O-O Bd6 7. Nbd2 Bf5 8. Qe2
Qf6 9. Ne5 O-O 10. Bxe4 dxe4 11. g4 Bg6 12. Qg2 Qe7 13. Nxg6 fxg6 14. Nxe4 c6
15. Bd2 Nd7 16. a3 a5 17. b4 b6 18. c4 Nf6 19. Nf2 Nd7 20. g5 Rfc8 21. Nd3 Bc7
22. Bc3 axb4 23. axb4 Rxa1 24. Rxa1 Bd6 25. Ra7 Qe8 26. Rb7 c5 27. dxc5 bxc5 28.
b5 Qd8 29. Qe4 Qe8 30. Ra7 Nb6 31. Rxg7+ Kf8 32. Rxh7 1-0

[Event "AUTO-ADV-3159"]
[Site "http://www.queenalice.com/game.php?id=1286268"]
[Date "2014.6.6"]
[Round "1"]
[White "reibas"]
[Black "pedrogarciass"]
[Result "0-1"]
[WhiteElo "1802"]
[BlackElo "1831"]

1. e4 e5 2. Nf3 d6 3. d4 Nc6 4. dxe5 Bg4 5. exd6 Bxd6 6. h3 Bxf3 7. Qxf3 Ne5 8.
Qb3 c6 9. a3 Qc7 10. Nc3 Nf6 11. Be2 O-O 12. Bf4 Ng6 13. Be3 Rfe8 14. f3 Nh5 15.
O-O-O Ng3 16. Rhe1 Bf4 17. Bxf4 Nxf4 0-1

[Event "AUTO-ADV-3159"]
[Site "http://www.queenalice.com/game.php?id=1286269"]
[Date "2014.6.6"]
[Round "1"]
[White "pedrogarciass"]
[Black "reibas"]
[Result "1-0"]
[WhiteElo "1815"]
[BlackElo "1818"]

1. e4 e5 2. Nf3 Nc6 3. Bc4 h6 4. O-O Nf6 5. a3 a6 6. Nc3 d6 7. d3 Bg4 8. h3 Bh5
9. Nd5 Nd4 10. Be3 Nxf3+ 11. gxf3 Qd7 12. Kh2 Nh7 13. Rg1 Bg6 14. f4 exf4 15.
Bxf4 Ng5 16. Bxg5 hxg5 17. Rg3 1-0

[Event "AUTO-ADV-3159"]
[Site "http://www.queenalice.com/game.php?id=1286286"]
[Date "2014.6.6"]
[Round "1"]
[White "Betim_Xadrez"]
[Black "pedrogarciass"]
[Result "1-0"]
[WhiteElo "1910"]
[BlackElo "1846"]

1. e4 e5 2. Nf3 d6 3. c3 a6 4. d4 exd4 5. cxd4 Bg4 6. Bc4 Nf6 7. Bg5 Be7 8. O-O
Nxe4 9. Bxe7 Qxe7 10. Re1 f5 11. h3 Bxf3 12. Qxf3 g6 13. Nc3 Kd8 14. Nxe4 c6 15.
Nc5 Qf6 16. Nxb7+ Kc7 17. Na5 Qxd4 18. Qb3 Qb6 19. Re7+ Nd7 20. Rxd7+ 1-0

[Event "AUTO-ADV-3159"]
[Site "http://www.queenalice.com/game.php?id=1286287"]
[Date "2014.6.6"]
[Round "1"]
[White "pedrogarciass"]
[Black "Betim_Xadrez"]
[Result "0-1"]
[WhiteElo "1833"]
[BlackElo "1896"]

1. e4 e5 2. Nf3 Nc6 3. a3 Nf6 4. Nc3 Be7 5. Bb5 O-O 6. Bxc6 dxc6 7. Nxe5 a6 8.
O-O Be6 9. d3 Bd6 10. Bf4 Re8 11. b4 Bg4 12. f3 Bxf3 13. Nxf3 Bxf4 14. Nh4 Qd4+
15. Kh1 Qxc3 16. Rxf4 g5 17. Rxf6 Qxf6 18. Nf5 Re5 19. g4 Rd8 20. Qe2 Rxf5 21.
gxf5 Qxa1+ 0-1